Taylor et le taylorisme
Na minha lista:
| Autor principal: | |
|---|---|
| Formato: | Livro |
| Idioma: | francês |
| Publicado em: |
Paris
Presses Universitaires de France
1998
|
| Colecção: | Que sais - je ?
3318 |
| Assuntos: | |
| Tags: |
Sem tags, seja o primeiro a adicionar uma tag!
|
MARC
| LEADER | 00000nam$a2200000$$$4500 | ||
|---|---|---|---|
| 001 | 0115515 | ||
| 005 | 20240111125203.4 | ||
| 020 | |a 2-13-048719-X | ||
| 041 | 0 | |a fre | |
| 044 | |a FR | ||
| 245 | 1 | 0 | |a Taylor et le taylorisme |c Michel Pouget |
| 264 | 1 | |a Paris |b Presses Universitaires de France |c 1998 | |
| 300 | |a 127 s. | ||
| 490 | 1 | |a Que sais - je ? |v 3318 | |
| 830 | 0 | |a Que sais - je ? |v 3318 | |
| 610 | 2 | 0 | |a taylorizmus |
| 100 | 1 | |a Pouget, Michel | |